Contemporary Japanese fiction : 1926-1968
Na minha lista:
| Autor principal: | |
|---|---|
| Formato: | Livro |
| Idioma: | Undetermined |
| Publicado em: |
Tokyo
Kokusai Bunka Shinkokai
1969
|
| Assuntos: | |
| Tags: |
Adicionar Tag
Sem tags, seja o primeiro a adicionar uma tag!
|
| Thư viện lưu trữ: | Trung tâm Học liệu Trường Đại học Cần Thơ |
|---|
| LEADER | 00573nam a2200217Ia 4500 | ||
|---|---|---|---|
| 001 | CTU_113494 | ||
| 008 | 210402s9999 xx 000 0 und d | ||
| 082 | |a 895.63 | ||
| 082 | |b M684 | ||
| 100 | |a Mitsuo, Nakamura | ||
| 245 | 0 | |a Contemporary Japanese fiction : | |
| 245 | 0 | |b 1926-1968 | |
| 245 | 0 | |c Nakamura Mitsuo | |
| 260 | |a Tokyo | ||
| 260 | |b Kokusai Bunka Shinkokai | ||
| 260 | |c 1969 | ||
| 650 | |a Japanese fiction | ||
| 650 | |x History and criticism | ||
| 650 | |y 20th century | ||
| 904 | |i Giang | ||
| 980 | |a Trung tâm Học liệu Trường Đại học Cần Thơ | ||